Hydraulic Behaviour of 3000bar Common Rail Injection Nozzles
Saved in:
| Main Author: | |
|---|---|
| Other Authors: | |
| Format: | Manuscript Book |
| Language: | Slovak |
| Published: |
Bratislava :
STU v Bratislave SjF,
2012
|
| Subjects: | |
| Online Access: | VAIS |
| Tags: |
No Tags, Be the first to tag this record!
|
MARC
| LEADER | 00000ntm a22000003a 4500 | ||
|---|---|---|---|
| 001 | stu263954 | ||
| 005 | 20150617230220.0 | ||
| 008 | 130313s2012----xo------------------slo-d | ||
| 040 | |a STU |b slo | ||
| 041 | 0 | |a slo | |
| 044 | |a xo | ||
| 100 | 1 | |a Marčák, Martin, |d 1987- |4 aut |u J |T SjF Strojnícka fakulta |X 41021 |U J |Y 20 |7 A000041021 | |
| 242 | 0 | 0 | |a Hydraulisches Verhalten von 3000 bar Common Rail Einspritzdüse |y ger |
| 242 | 0 | 0 | |a Hydraulický priebeh 3000 barového Common Rail vstrekovača |y slo |
| 245 | 1 | |a Hydraulic Behaviour of 3000bar Common Rail Injection Nozzles | |
| 260 | |a Bratislava : |b STU v Bratislave SjF, |c 2012 | ||
| 650 | 7 | |a automobily, lode a spaľovacie motory |2 stusub | |
| 650 | 7 | |a Automobiles, Ships and Combustion Engines |2 estusub | |
| 650 | 7 | |a graph |2 estusub | |
| 650 | 7 | |a injector |2 estusub | |
| 650 | 7 | |a nozzle |2 estusub | |
| 650 | 7 | |a tryska |2 stusub | |
| 700 | 1 | |a Wloka, Johann, |d 1974- |4 ths |X 45489 |7 A000045489 | |
| 856 | 4 | |a info a plný text |u http://is.stuba.sk/zp/portal_zp.pl?podrobnosti=72375 |3 VAIS | |